Forum statisticum Slovacum vedecký časopis Slovenskej štatistickej a demografickej spoločnosti

Salvato in:
Dettagli Bibliografici
Natura: Sconosciuto
Pubblicazione: Bratislava Slovenská štatistická a demografická spoločnosť 2007
Tags: Aggiungi Tag
Nessun Tag, puoi essere il primo ad aggiungerne!!

MARC

LEADER 00000 a2200000 4500
001 0067924
005 20191209105351.8
022 |a 1336-7420 
245 1 0 |a Forum statisticum Slovacum  |b vedecký časopis Slovenskej štatistickej a demografickej spoločnosti 
264 1 |a Bratislava  |b Slovenská štatistická a demografická spoločnosť  |c 2007 
773 0 |w eu_un_cat*0038265 
774 0 |w eu_un_cat*0129617